euro 2024 best XI - Statistics

General Stats
  • This quiz has been taken 56 times
  • The average score is 8 of 11
Answer Stats
Hint Answer % Correct
G1 1I Lamine Yamal
98%
G1 1K Nico Williams
90%
G1 1A Mike Maignan
88%
G1 1F Rodri
88%
G1 1E Marc Cucurella
84%
G1 1H Dani Olmo
80%
G1 1B Kyle Walker
74%
G1 1D William Saliba
68%
G1 1C Manuel Akanji
64%
G1 1G Fabian Ruiz
58%
G1 1J Jamal Musiala
54%
No matching quizzes found
Score Distribution
Percent of People with Each Score
Percentile by Number Answered
Your Score History
You have not taken this quiz